| 000 | 00884nam a2200205 a 4500 | ||
|---|---|---|---|
| 001 | 000016106 | ||
| 005 | 20200929164257.0 | ||
| 008 | 100225s1987 dr c 000 0 spa d | ||
| 040 |
_aDO-SdBNP _bspa _cBNPHU |
||
| 082 |
_a928 _bC744b |
||
| 245 | 0 | 0 | _aConcepción Bona (1824-1901) :. |
| 260 |
_aSanto Domingo : _b[s. n.], _c1987. |
||
| 300 |
_a24 p. : _bretr. ; _c21 cm. |
||
| 500 | _aIncluye notas al pie de páginas | ||
| 500 | _aHomenaje a la heroína nacional con motivo del traslado de sus restos al Panteón Nacional | ||
| 505 | 0 | _aIntroducción -- Corta biografía -- Carta de la biznieta de Concepción Bona al presidente Balaguer-- Decreto disponible traslado restos Concepción Bona al Panteón Nacional. | |
| 600 | 1 | 4 |
_aBONA, CONCEPCIÓN _d1824-1901 _qBONA Y FERNÁNDEZ, MARÍA DE LA CONCEPCIÓN _936093 |
| 650 | 4 |
_aMujeres dominicanas _xBiografías _936094 |
|
| 049 | _aBNPD | ||
| 999 |
_c15647 _d15647 |
||